000
00301nam a22001337a 4500
008
180201b xxu||||| |||| 00| 0 eng d
020
_a
2900135001706
041
_a
eng
080
_2
4ED
_a
37
100
_a
45
101
_a
EDU
245
_a
THE INCLUSIVE CLASSROOM
_c
MASTROPERI.J
942
_2
udc
_c
BK
999
_c
41480
_d
41480